000
00286nam a22001337a 4500
008
181219b xxu||||| |||| 00| 0 eng d
020
_a
0070449589
041
_a
eng
080
_2
10th
_a
330
100
_a
52
101
_a
EKO
245
_a
Economics
_c
McConnell.C.R
942
_2
udc
_c
BK
999
_c
53484
_d
53484